000 00543nam a2200181Ia 4500
005 20250326141851.0
008 250326s9999 xx 000 0 und d
037 _aTextbook
040 _aFMSL
_beng
_cFMSL
041 _aeng
_2eng
084 _aX65.44 M9
_qFMSL
100 _aSarma J V M
_9295976
245 0 _aInvestment allowance : Section 32 A of the income-Tax Act. 1961
_cSarma J V M; Sondhi H K
260 _aNew Delhi
_bNew Delhi, NIPEP
_c1989
300 _a126p
942 _cTB
_hX65.44 M9
999 _c1292356
_d1292356